000 00772nam a22002177a 4500
999 _c147472
_d147472
005 20181203122948.0
010 _aENG-121426
020 _a9789325990210
_c430.00
035 _aEN-104958
037 _bDBAD/PUB
082 _a621.3192
100 _aSalivahanan,S.
245 _aNetwork analysis and synthesis /
_cby S. Salivahanan [and] S. Pravin Kumar
260 _aNoida
_bVikas Publishing House
_c2016
270 _aE-28, Sector-8,
_bNoida
_e201301
300 _axi,731p. :
_c24cm(pbk)
_bill.
500 _aIncludes bibliographical references and index
505 _afor fourth semester of electrical engineering and allied couress of APJ Abdul Kalam technical University.
700 _aPravin Kumar,S.
942 _2ddc
_cEN
_mSAL
_h621.3192